000
00219nam a2200097Ia 4500
008
190216s9999||||xx |||||||||||||| ||und||
100
_a
Bernardshaw
245
0
_a
Arms And The Man
260
_b
Orient Longman
942
_c
BK
999
_c
13071
_d
13071